Oracle 11g: curso práctico

Salvato in:
Dettagli Bibliografici
Ente Autore: Teaching Soft Group (Autore)
Natura: Libro
Lingua:spagnolo
Pubblicazione: Cuernavaca Alfaomega 2011
Edizione:1a. ed
Soggetti:
Tags: Aggiungi Tag
Nessun Tag, puoi essere il primo ad aggiungerne!!

MARC

LEADER 00000cam a2200000 a 4500
001 UCC7479
003 CL-VaPUC
008 190329e20110000mx |||||||||||||||||spa|d
020 |a 9789586828208 
082 0 4 |a 005.758  |b TEA  |2 21 
110 2 |a Teaching Soft Group  |e author  |9 602113 
245 1 0 |a Oracle 11g: curso práctico 
250 |a 1a. ed 
300 |a 556 p 
942 |c BK 
945 |d 20190329 16:06:00  |a dcastane 
260 |a Cuernavaca  |b Alfaomega  |c 2011 
650 0 |a Programación de computadores   |9 259531 
650 0 |a Software para computadores  |9 529972 
583 |a last modification  |c 20190329 16:06:00  |k Rodrigo Vera 
999 |c 374108  |d 374106 
952 |0 0  |1 0  |3 erb  |4 0  |6 005_758000000000000_TEA_2011  |7 0  |8 A  |9 492492  |a BIBING  |b BIBING  |i 5540992  |o 005.758 TEA 2011  |p 5540992  |r 2025-01-20  |w 2019-11-24  |y BK  |z Catalogado en:20190329  |k CCI 
952 |0 0  |1 0  |3 erb  |4 0  |6 005_758000000000000_TEA_2011  |7 0  |8 A  |9 492493  |a BIBING  |b BIBING  |i 5540984  |o 005.758 TEA 2011  |p 5540984  |r 2025-01-20  |w 2019-11-24  |y BK  |z Catalogado en:20190329  |k CCI 
952 |0 0  |1 0  |3 erb  |4 0  |6 005_758000000000000_TEA_2011  |7 0  |8 A  |9 492494  |a BIBING  |b BIBING  |i 5540976  |o 005.758 TEA 2011  |p 5540976  |r 2025-01-20  |w 2019-11-24  |y BK  |z Catalogado en:20190329  |k CCI